10 most islands by country - Statistics

General Stats
  • This quiz has been taken 327 times
  • The average score is 8 of 10
Answer Stats
Hint Answer % Correct
922 Indonesia
96%
68 USA
90%
259 Canada
89%
430 Japan
84%
2,000 Philippines
83%
Unknown China
80%
123 UK
80%
Unknown Australia
69%
227 Greece
68%
455 Finland
42%
No matching quizzes found
Score Distribution
Percent of People with Each Score
Percentile by Number Answered
Your Score History
You have not taken this quiz